Исследование распределения сернистых соединений по фракциям дизельного топлива; Проблемы геологии и освоения недр; Т. 2

Opis bibliograficzny
Parent link:Проблемы геологии и освоения недр: труды XXI Международного симпозиума имени академика М. А. Усова студентов и молодых ученых, посвященного 130-летию со дня рождения профессора М. И. Кучина, Томск, 3-7 апреля 2017 г./ Национальный исследовательский Томский политехнический университет (ТПУ), Институт природных ресурсов (ИПР) ; под ред. А. С. Боева.— , 2017
Т. 2.— 2017.— [С. 291-292]
1. autor: Баклашкина К. А.
Korporacja: Национальный исследовательский Томский политехнический университет (ТПУ) Институт природных ресурсов (ИПР) Кафедра химической технологии топлива и химической кибернетики (ХТТ)
Kolejni autorzy: Мейран Н. Л. (научный руководитель), Кривцова К. Б. Ксения Борисовна, Кривцова Н. И. Надежда Игоревна
Streszczenie:Заглавие с экрана
Język:rosyjski
Wydane: 2017
Seria:Современные технологии подготовки и переработки природных ресурсов
Химическая технология подготовки и переработки горючих ископаемых
Hasła przedmiotowe:
Dostęp online:http://earchive.tpu.ru/handle/11683/42092
Format: MixedMaterials Elektroniczne Rozdział
KOHA link:https://koha.lib.tpu.ru/cgi-bin/koha/opac-detail.pl?biblionumber=623358

MARC

LEADER 00000naa2a2200000 4500
001 623358
005 20231101133246.0
035 |a (RuTPU)RU\TPU\conf\22306 
035 |a RU\TPU\conf\22305 
090 |a 623358 
100 |a 20170815d2017 k y0rusy50 ca 
101 0 |a rus 
102 |a RU 
105 |a y z 100zy 
135 |a drcn ---uucaa 
181 0 |a i  
182 0 |a b 
200 1 |a Исследование распределения сернистых соединений по фракциям дизельного топлива  |f К. А. Баклашкина, Н. Л. Мейран, К. Б. Кривцова  |g науч. рук. Н. И. Кривцова 
203 |a Текст  |c электронный 
225 1 |a Современные технологии подготовки и переработки природных ресурсов 
225 1 |a Химическая технология подготовки и переработки горючих ископаемых 
230 |a 1 компьютерный файл (pdf; 399 Kb) 
300 |a Заглавие с экрана 
320 |a [Библиогр.: с. 292 (4 назв.)] 
461 1 |0 (RuTPU)RU\TPU\conf\21932  |t Проблемы геологии и освоения недр  |o труды XXI Международного симпозиума имени академика М. А. Усова студентов и молодых ученых, посвященного 130-летию со дня рождения профессора М. И. Кучина, Томск, 3-7 апреля 2017 г.  |o в 2 т.  |f Национальный исследовательский Томский политехнический университет (ТПУ), Институт природных ресурсов (ИПР) ; под ред. А. С. Боева  |d 2017 
463 1 |0 (RuTPU)RU\TPU\conf\21938  |t Т. 2  |v [С. 291-292]  |d 2017 
610 1 |a труды учёных ТПУ 
610 1 |a электронный ресурс 
610 1 |a распределение 
610 1 |a сернистые соединения 
610 1 |a фракции 
610 1 |a дизельные топлива 
610 1 |a сернистые соединения 
610 1 |a дистиллятные фракции 
610 1 |a сера 
700 1 |a Баклашкина  |b К. А. 
701 1 |a Мейран  |b Н. Л. 
701 1 |a Кривцова  |b К. Б.  |c химик  |c инженер Томского политехнического университета  |f 1988-  |g Ксения Борисовна  |2 stltpush  |3 (RuTPU)RU\TPU\pers\39078 
702 1 |a Кривцова  |b Н. И.  |c химик-технолог  |c доцент Томского политехнического университета, кандидат технических наук  |f 1983-  |g Надежда Игоревна  |2 stltpush  |4 727 
712 0 2 |a Национальный исследовательский Томский политехнический университет (ТПУ)  |b Институт природных ресурсов (ИПР)  |b Кафедра химической технологии топлива и химической кибернетики (ХТТ)  |h 105  |2 stltpush  |3 (RuTPU)RU\TPU\col\18665 
801 2 |a RU  |b 63413507  |c 20170905  |g RCR 
856 4 |u http://earchive.tpu.ru/handle/11683/42092 
942 |c BK